Statistics for Most sold manga of all time

Click here to take the quiz!

General Stats

  • This quiz has been taken 88 times
  • The average score is 7 of 10

Answer Stats

HintAnswer% Correct
Big 3Naruto
100%
Big 3One Piece
99%
Father of big 3Dragon Ball
97%
Big 3Bleach
96%
New GenDemon Slayer
71%
New GenJujutsu kaisen
69%
New GenMy Hero
69%
Mid GenAttack on Titan
57%
Mid GenDeath Note
38%
Old GenFull Metal
36%

Score Distribution

Percentile by Number Answered

Percent of People with Each Score

Your Score History

You have not taken this quiz